000 00511nam a2200181Ia 4500
005 20250508160515.0
008 008 250505s9999 xx 000 0 eng d
037 _aTextual
040 _aFEDL
_beng
_cFEDL
041 _aeng
_2eng
084 _a511.7, DUN
_qFEDL
100 _aDuncan Dewey C
_9768670
245 0 _aArithmetic : In a liberal education
260 _aNew York, USA
_bMcGraw-Hill Book Company
_c1969
300 _a495p.
942 _cTEXL
_h511.7, DUN
999 _c1365043
_d1365043